01527nam a22003614a 4500001001100000003000800011006001900019007001500038008004100053010001700094020002200111020002200133040002100155035002100176050002400197082002300221100002000244245020300264260005500467300001100522490004600533504006600579533015200645650004700797650004400844655002900888700002000917700002400937710001700961830004700978856012501025999001501150ebr5000189CaPaEBRm u cr cn|||||||||000616s2000 ne sb 001 0 eng  z 00056432  z9027217823 (Eur.) z1556197748 (U.S.) aCaPaEBRcCaPaEBR a(OCoLC)13316908914aHD5764b.M86 2000eb04a331.12/042/0942211 aMuntigl, Peter.10aEuropean Union discourses on un/employmenth[electronic resource] :ban interdisciplinary approach to employment, policy-making and organizational change /cPeter Muntigl, Gilbert Weiss, Ruth Wodak. aAmsterdam ;aPhiladelphia :bJ. Benjamins,cc2000. a234 p.1 aDialogues on work and innovation ;vv. 12 aIncludes bibliographical references (p. [225]-231) and index. aElectronic reproduction.bPalo Alto, Calif. :cebrary,d2013.nAvailable via World Wide Web.nAccess may be limited to ebrary affiliated libraries. 0aManpower policyzEuropean Union countries. 0aUnemploymentzEuropean Union countries. 7aElectronic books.2local1 aWeiss, Gilbert.1 aWodak, Ruth,d1950-2 aebrary, Inc. 0aDialogues on work and innovation ;vv. 12.40uhttp://site.ebrary.com/lib/rucke/Doc?id=5000189zAn electronic book accessible through the World Wide Web; click to view c2177d2177